Oiseaux #1 - Mort subite - Statistiques

Statistiques générales
  • Ce quiz a été pris 44 689 fois
    44 356 depuis la dernière actualisation
  • Le résultat moyen est 5 sur 20
Answers on the Grid
Answers color-coded by a green-red scale on the quiz's grid according to % correct below.
Roitelet
Martinet
Butor
Courvite isabelle
Pluvite micheline
Pygargue
Fou
Manchot
Epervier
Sizerin
Suzerain
Cacatoès
Krakatoa
Grive
Ascévite clément
Corneille
Molière
Citrine
Prince
Géocoucou
Pinson
Autocrate
Vassal
Bulbul
Coulcoul
Tétras
Ortolan
Foulque
Foutriquet
Taiseux
Guêpier
Jaseur
Jacasseur
Fouet
Saurien
Albator
 
Statistiques - réponses
Réponse % Correct
Corneille
54%
Epervier
54%
Cacatoès
52%
Pinson
48%
Manchot
43%
Grive
40%
Martinet
36%
Pygargue
33%
Guêpier
23%
Roitelet
22%
Tétras
22%
Fou
21%
Foulque
18%
Ortolan
18%
Jaseur
14%
Butor
11%
Géocoucou
10%
Sizerin
7%
Courvite isabelle
6%
Bulbul
5%
Aucun quiz correspondant
Distribution des résultats
% des personnes avec chaque résultat
Percentile par nombre de réponses
Votre historique - résultats
Vous n’avez pas pris ce quiz depuis la dernière actualisation